000
00297nam a2200109Ia 4500
008
220204s9999 xx 000 0 und d
082
_a
631.4(058)
_b
UNI
245
0
_a
Soil: The yearbook of agriculture 1957
260
_a
Washington
_b
Dept of Agriculture
_c
1957
650
_a
Soil science
942
_c
BK
999
_c
19461
_d
19461